00325nam a2200121Ia 4500008004100000041000800041082001600049100001800065245004200083260003500125300003100160365001200191240624s9999 xx 000 0 und d aeng a658.408 CLA aCLARKE THOMAS aSAGE HANDBOOK OF CORPORATE GOVERNANCE c2012aLondonbSage Publication axxi, : 657 : p. : cm. ; 25 cGBPb28